00496nam a2200169Ia 450000500170000000800410001702000160005804000190007404100120009308200110010510000190011624500610013526000850019630000120028165000230029385000100031620230623100554.0131103s9999 xx 000 0 und d a035231700 0 aLoreto College aEnglish aFbAND aAnderson,James aMurder she wrote 2bHooray For Homioide cJames Anderson aLondonbA Star Book published by the Paperback Division of W.H.Allen & Co.c1985 a190 p.  aFiction in English aLCLIB